| 000 | 00652nam a2200205Ia 4500 | ||
|---|---|---|---|
| 003 | IN-BaIIA | ||
| 008 | 211028s9999 xx 000 0 eng d | ||
| 020 | _a0-684-16799-9 | ||
| 040 | _cIIA Library | ||
| 080 |
_a52(091) _bCOR |
||
| 100 |
_aCornell, James _912313 |
||
| 245 | 4 |
_aThe first stargazers _ban introduction to the origins of astronomy _cJames Cornell |
|
| 260 |
_aNew York _bCharles Scribner's Sons _c1981 |
||
| 300 | _aix, 262p. | ||
| 650 | _aAstronomy and astrophysics thesaurus | ||
| 650 |
_aAstronomy-history _9900 |
||
| 650 |
_aOrigin _95840 |
||
| 650 |
_aStar gazers _912314 |
||
| 942 | _cBK | ||
| 999 |
_c7180 _d7180 |
||